000 00503nam a2200193 i 4500
001 C2-0303012
003 PPAK
005 20180729001014.0
008 100310s2007 xxu|||| ||||| | eng d
040 _aPPAK
_beng
_cPPAK
_erda
245 0 0 _aTransformers
264 1 _aUnited States :
_bBerjaya HVN Sdn. Bhd. ,
_c2007
336 _2rdacontent
_atext
337 _2rdamedia
_aunmediated
338 _2rdacarrier
_avolume
700 _eauthor
700 1 _aBay, Michael,
_ecompile
942 _2ddc
_cVCD
999 _c165977
_d165977